| 000 | 00797cam a22002054a 4500 | ||
|---|---|---|---|
| 005 | 20250605164214.0 | ||
| 008 | 250528s ||||||||||||||||||||||||d | ||
| 035 | _a20420 | ||
| 020 | _a140445102 | ||
| 040 |
_aGR-AtMCL _bgre _dGR-AtMCL _eAACR2 |
||
| 245 | 1 | _aThe Art of Rhetoric / Aristotle | |
| 250 | _a1st | ||
| 260 |
_bPenguin Books, _c1991 |
||
| 300 | _a292 | ||
| 520 | _aFew, if any, writers in history have made major contributions to as many fields of knowledge as Aristotle. Preface, Introduction, The Art of Rhetoric, Demonstration, The Genres of Oratory, Deliberation, Constitutions, Emotion and Character, Common Topics, Style, Composition, Universal Aspects, Notes, Bibliography. | ||
| 700 | 1 |
_aLawson-Tancred H.C _96406 |
|
| 942 | _cBK | ||
| 999 |
_c5529 _d5529 |
||